| 000 | 00819nam a22002297a 4500 | ||
|---|---|---|---|
| 999 |
_c371 _d371 |
||
| 003 | AR-CdUCM | ||
| 008 | 190223b ||||| |||| 00| 0 spa d | ||
| 040 |
_aMUNICIPALIDAD PROVINCIAL DEL CUSCO _cBIBLIOTECA MUNICIPAL DEL CUSCO |
||
| 082 |
_a959.7 / _bM27 |
||
| 100 |
_aMasson, André _91496 |
||
| 245 | _aHistoria de Vietnam / | ||
| 260 |
_aEspaña : _bOikos-tau , _c1972. |
||
| 300 |
_a124 páginas ; _c17 cm. |
||
| 440 |
_a¿qué sé? _n69 _91497 |
||
| 505 | _aEl ámbito geográfico y la población -- Los origenes de Vietnam -- La expansión de Vietnam -- La civilización vietnamita -- Los dos Vietnam... | ||
| 650 |
_aVietnam. _91498 |
||
| 650 |
_aHistoria de Vietnam. _91499 |
||
| 650 |
_aFundación de Vietnam. _91500 |
||
| 650 |
_aDesarrollo Vietnam. _91501 |
||
| 942 |
_2ddc _cLIBROS |
||
| 945 |
_awfj _d2019-02-23 |
||